000 00424nam a22001457a 4500
005 20251222174608.0
008 251222b |||||||| |||| 00| 0 eng d
020 _a9966-44-157-3
050 _aQL 955 .F37 1980
100 _aF. Fasana
245 _aTEXTBOOK OF MEDICAL EMBRYOLOGY
_b; Normal and Abnormal Development
260 _aNairobi , Kenya
_bKenya Literature Bureau
_c1980
300 _a319pages
942 _2lcc
_cBK
999 _c216376
_d216376